Vista normal
Vista MARC
Entrada Topical Term
Número de registros utilizados en: 1
001 - CONTROL NUMBER
- control field: 12127
003 - CONTROL NUMBER IDENTIFIER
- control field: OSt
005 - DATE AND TIME OF LATEST TRANSACTION
- control field: 20201028185001.0
008 - FIXED-LENGTH DATA ELEMENTS
- fixed length control field: 201028|| aca||aabn | a|a d
040 ## - CATALOGING SOURCE
- Original cataloging agency: OSt
- Transcribing agency: OSt
150 ## - HEADING--TOPICAL TERM
- Topical term or geographic name entry element: Recursos humanos
- General subdivision: motivación del empleado
670 ## - SOURCE DATA FOUND
- Source citation: Work cat.: (OSt)5769: Galán, Francisco Javier, autor 12126, Coaching inteligente : , 2013